[Event "Northumbrian Masters 1st"]
[Site "Newcastle"]
[Date "1996.08.31"]
[Round "7"]
[White "Pedersen, Steffen"]
[Black "McMichael, Richard"]
[Result "1-0"]
[WhiteElo "2415"]
[BlackElo "2200"]
[PlyCount "72"]
[EventDate "1996.08.28"]
[EventType "swiss"]
[EventRounds "9"]
[EventCountry "ENG"]
[SourceVersionDate "2020.09.25"]

1. d4 Nf6 2. c4 c5 3. d5 e5 4. Nc3 d6 5. e4 Be7 6. h3 O-O 7. Bd3 Ne8 8. Nf3 Nd7
9. Be3 a6 10. Qe2 g6 11. g4 Ndf6 12. Bh6 Ng7 13. O-O-O Bd7 14. Rdg1 b5 15. Nd2
Nfe8 16. h4 Nc7 17. f4 f6 18. f5 bxc4 19. Nxc4 Nb5 20. Nd1 Nd4 21. Qe3 Rf7 22.
g5 fxg5 23. hxg5 Ngxf5 24. exf5 Nxf5 25. Qd2 Rb8 26. Nde3 Nxe3 27. Qxe3 Qc8 28.
Rf1 Bf5 29. Bxf5 Rxf5 30. Qd3 Rxf1+ 31. Rxf1 Qg4 32. Kb1 Rb4 33. b3 a5 34. Nxe5
dxe5 35. d6 Qe6 36. dxe7 Rd4 1-0

[Event "Northumbrian Masters 1st"]
[Site "Newcastle"]
[Date "1996.08.31"]
[Round "7"]
[White "Mah, Karl"]
[Black "Rizouk, Ryad"]
[Result "0-1"]
[WhiteElo "2245"]
[BlackElo "2385"]
[PlyCount "80"]
[EventDate "1996.08.28"]
[EventType "swiss"]
[EventRounds "9"]
[EventCountry "ENG"]
[SourceVersionDate "2020.09.25"]

1. d4 Nf6 2. Bg5 Ne4 3. Bf4 c5 4. f3 Nf6 5. d5 Qb6 6. Bc1 Qa5+ 7. Bd2 Qd8 8. e4
g6 9. Nc3 d6 10. Nge2 Na6 11. Qc1 h5 12. Nf4 Nc7 13. a4 Bg7 14. Bc4 O-O 15. Nd3
e6 16. Bg5 exd5 17. Nxd5 Ncxd5 18. Bxd5 Qa5+ 19. Bd2 Qa6 20. Ba2 d5 21. Nxc5
Qd6 22. Bb4 Qb6 23. Nd3 Re8 24. Bc5 Qc6 25. O-O dxe4 26. fxe4 Rxe4 27. Be3 b6
28. Bg5 Bb7 29. Rf3 Rae8 30. Bxf6 Bxf6 31. Qh6 Rg4 32. Bxf7+ Kxf7 33. Qh7+ Ke6
34. Re1+ Re4 35. Nf4+ Kd6 36. Rd3+ Kc5 37. b4+ Kxb4 38. Rb1+ Ka5 39. Rb5+ Ka6
40. Nd5 Re1+ 0-1

[Event "Northumbrian Masters 1st"]
[Site "Newcastle"]
[Date "1996.08.31"]
[Round "7"]
[White "Shah, Arpi"]
[Black "King, Jonathan"]
[Result "0-1"]
[WhiteElo "2035"]
[BlackElo "2115"]
[PlyCount "130"]
[EventDate "1996.08.28"]
[EventType "swiss"]
[EventRounds "9"]
[EventCountry "ENG"]
[SourceVersionDate "2020.09.25"]

1. e4 e5 2. Bc4 Nc6 3. Nc3 Nf6 4. d3 Na5 5. Nge2 Nxc4 6. dxc4 d6 7. Qd3 c6 8.
O-O Be7 9. b3 O-O 10. Ng3 g6 11. Kh1 Ne8 12. f4 exf4 13. Bxf4 Be6 14. Rad1 Qa5
15. Bd2 Qc7 16. Nce2 Bf6 17. Nd4 Bg4 18. Rde1 Be5 19. Bf4 Rd8 20. Qe3 Qb6 21.
Bxe5 dxe5 22. Qg5 Rxd4 23. Qxg4 Ng7 24. Qg5 Qc7 25. h4 Qd8 26. Qxe5 Qxh4+ 27.
Kg1 Qd8 28. Re2 Rd1 29. Ref2 Rxf1+ 30. Nxf1 Re8 31. Qf4 Qe7 32. Ng3 Ne6 33. Qg4
Qg5 34. Qxg5 Nxg5 35. Re2 f6 36. Rd2 Kf7 37. Rd7+ Re7 38. Rxe7+ Kxe7 39. Kf2
Ke6 40. Ke3 Ke5 41. b4 h5 42. a4 h4 43. Ne2 Nxe4 44. b5 c5 45. a5 g5 46. Nc1 f5
47. Nd3+ Kd6 48. Ne1 Ke6 49. Nd3 Kf6 50. Nb2 Nd6 51. Kf3 Ke5 52. c3 g4+ 53. Ke3
f4+ 54. Ke2 b6 55. a6 Nc8 56. Nd3+ Ke4 57. Nf2+ Kf5 58. Nd3 h3 59. gxh3 gxh3
60. Kf3 h2 61. Kg2 Ke4 62. Nf2+ Ke3 63. Ng4+ Kd2 64. Kxh2 Kxc3 65. Ne5 Kd4 0-1

[Event "Northumbrian Masters 1st"]
[Site "Newcastle"]
[Date "1996.08.31"]
[Round "7"]
[White "Rowson, Jonathan"]
[Black "Storey, Charles H"]
[Result "0-1"]
[WhiteElo "2425"]
[BlackElo "2215"]
[PlyCount "82"]
[EventDate "1996.08.28"]
[EventType "swiss"]
[EventRounds "9"]
[EventCountry "ENG"]
[SourceVersionDate "2020.09.25"]

1. d4 Nf6 2. c4 g6 3. Nc3 Bg7 4. e4 d6 5. f3 O-O 6. Nge2 Nc6 7. Be3 e5 8. Qd2
exd4 9. Nxd4 Nxd4 10. Bxd4 c6 11. O-O-O Be6 12. g4 c5 13. Be3 Qa5 14. Kb1 a6
15. h4 b5 16. h5 Rfb8 17. hxg6 fxg6 18. Qxd6 Bf7 19. Nd5 bxc4 20. Nxf6+ Bxf6
21. Qxf6 c3 22. Qxf7+ Kxf7 23. Bc4+ Ke8 24. Rxh7 Rxb2+ 25. Kc1 Rd2 26. Bf7+ Kf8
27. Bh6+ Ke7 28. Bg5+ Kd6 29. Bf4+ Kc6 30. Bxd2 cxd2+ 31. Rxd2 Qc3+ 32. Rc2
Qe1+ 33. Kb2 Rb8+ 34. Bb3 Qe3 35. Rf7 a5 36. Rc3 Qd2+ 37. Rc2 Qd4+ 38. Kc1 Rh8
39. Bd5+ Kd6 40. e5+ Qxe5 41. f4 Qa1+ 0-1

[Event "Northumbrian Masters 1st"]
[Site "Newcastle"]
[Date "1996.08.31"]
[Round "7"]
[White "Shaw, John Kerr"]
[Black "Ansell, Simon"]
[Result "1-0"]
[WhiteElo "2335"]
[BlackElo "2420"]
[PlyCount "115"]
[EventDate "1996.08.28"]
[EventType "swiss"]
[EventRounds "9"]
[EventCountry "ENG"]
[SourceVersionDate "2020.09.25"]

1. e4 c5 2. Nc3 Nc6 3. g3 g6 4. Bg2 Bg7 5. d3 e6 6. Be3 d6 7. Qd2 Qa5 8. Nf3
Nd4 9. O-O Ne7 10. Nh4 Bd7 11. f4 f5 12. Rf2 O-O 13. Nd5 Qd8 14. Nxe7+ Qxe7 15.
exf5 gxf5 16. c3 Bc6 17. Re1 Bxg2 18. Rxg2 Nc6 19. Nf3 Rae8 20. d4 cxd4 21.
Nxd4 Qd7 22. Rge2 Nd8 23. Nb3 b6 24. Bd4 Rf7 25. Bxg7 Rxg7 26. Nd4 Rge7 27. Qd3
Nb7 28. Qc4 d5 29. Qc6 Nc5 30. Qxd7 Rxd7 31. Nxe6 Rxe6 32. Rxe6 Nxe6 33. Rxe6
d4 34. cxd4 Rxd4 35. Kf2 Kf7 36. Re2 Rd3 37. Rc2 Rd7 38. Ke3 Ke6 39. Rc6+ Kf7
40. b4 Re7+ 41. Kd3 Rd7+ 42. Kc4 h5 43. Kb5 h4 44. gxh4 Rd4 45. Rc7+ Kg6 46.
Rxa7 Rxf4 47. Rb7 Rxh4 48. Rxb6+ Kg5 49. Rc6 f4 50. a4 f3 51. a5 Rxh2 52. a6
Re2 53. Rc1 Kf4 54. a7 Re5+ 55. Ka6 Re6+ 56. Ka5 Re2 57. b5 f2 58. Rf1 1-0

[Event "Northumbrian Masters 1st"]
[Site "Newcastle"]
[Date "1996.08.31"]
[Round "7"]
[White "Dearing, Eddie"]
[Black "Whiteley, Andrew Jonathan"]
[Result "1-0"]
[WhiteElo "2185"]
[BlackElo "2255"]
[PlyCount "83"]
[EventDate "1996.08.28"]
[EventType "swiss"]
[EventRounds "9"]
[EventCountry "ENG"]
[SourceVersionDate "2020.09.25"]

1. d4 d5 2. c4 c6 3. cxd5 cxd5 4. Nf3 Nf6 5. Nc3 Nc6 6. Bf4 e6 7. e3 Be7 8. Bd3
O-O 9. O-O Nh5 10. Bg3 Nxg3 11. hxg3 Bd7 12. Rc1 Rc8 13. a3 Bd6 14. b4 Qe7 15.
Nd2 Rfd8 16. Nb3 Be8 17. f4 g6 18. Qf3 a5 19. b5 Na7 20. a4 Ba3 21. Rc2 Rxc3
22. Rxc3 Qb4 23. Rc7 Qxb3 24. Bc2 Qa2 25. Bb1 Qd2 26. g4 Bf8 27. Rd1 Qb4 28.
Rxb7 Nc8 29. f5 Nd6 30. Ra7 exf5 31. gxf5 Qxa4 32. fxg6 hxg6 33. Rf1 Qxb5 34.
Bxg6 Rd7 35. Ra8 Re7 36. Qf6 Qd7 37. Bf5 Qc7 38. Rf4 Bg7 39. Rg4 Nxf5 40. Qxf5
Qc1+ 41. Kh2 Qxe3 42. Qf6 1-0

[Event "Northumbrian Masters 1st"]
[Site "Newcastle"]
[Date "1996.08.31"]
[Round "8"]
[White "Wall, Gavin"]
[Black "Dearing, Eddie"]
[Result "1-0"]
[WhiteElo "2305"]
[BlackElo "2185"]
[PlyCount "59"]
[EventDate "1996.08.28"]
[EventType "swiss"]
[EventRounds "9"]
[EventCountry "ENG"]
[SourceVersionDate "2020.09.25"]

1. e4 c5 2. Nf3 d6 3. Bb5+ Bd7 4. a4 Nc6 5. d3 Nf6 6. O-O e6 7. Re1 Be7 8. Nbd2
O-O 9. Nc4 a6 10. Bxc6 Bxc6 11. e5 Ne8 12. a5 Bxf3 13. Qxf3 d5 14. Nb6 Rb8 15.
c4 Nc7 16. Qg4 Kh8 17. Bf4 Na8 18. Re3 Nxb6 19. axb6 Qxb6 20. Qh5 g6 21. Qh6 f5
22. exf6 Bxf6 23. Rh3 Rf7 24. Bxb8 Qxb2 25. Rf1 Bd4 26. Qxg6 Bxf2+ 27. Kh1 Rg7
28. Qe8+ Rg8 29. Qh5 Kg7 30. Be5+ 1-0

[Event "Northumbrian Masters 1st"]
[Site "Newcastle"]
[Date "1996.08.31"]
[Round "8"]
[White "Storey, Charles H"]
[Black "Gormally, Daniel"]
[Result "0-1"]
[WhiteElo "2215"]
[BlackElo "2300"]
[PlyCount "86"]
[EventDate "1996.08.28"]
[EventType "swiss"]
[EventRounds "9"]
[EventCountry "ENG"]
[SourceVersionDate "2020.09.25"]

1. e4 c5 2. d3 Nc6 3. g3 g6 4. Bg2 Bg7 5. f4 d6 6. Nf3 e5 7. O-O Nge7 8. Nc3
O-O 9. f5 gxf5 10. Ng5 f6 11. Nh3 Nd4 12. Nd5 fxe4 13. Nxe7+ Qxe7 14. dxe4 f5
15. c3 Nc6 16. Bg5 Bf6 17. Bxf6 Rxf6 18. exf5 Rxf5 19. Qg4+ Qg7 20. Qc4+ Kh8
21. Be4 Rxf1+ 22. Rxf1 d5 23. Bxd5 Bxh3 24. Re1 Rf8 25. Qxc5 Qf6 26. Bg2 Nd4
27. Qxe5 Qxe5 28. Rxe5 Nf3+ 29. Bxf3 Rxf3 30. Re1 b5 31. Rc1 Kg7 32. b3 Kf6 33.
c4 b4 34. Rd1 Ke5 35. Rc1 Kd4 36. Re1 Kc3 37. c5 Kd2 38. Rb1 Kc2 39. Re1 Kb2
40. Re2+ Kb1 41. Rf2 Rxf2 42. Kxf2 Kxa2 43. Kf3 h5 0-1

[Event "Northumbrian Masters 1st"]
[Site "Newcastle"]
[Date "1996.08.31"]
[Round "8"]
[White "Rizouk, Ryad"]
[Black "Pliester, Leon"]
[Result "0-1"]
[WhiteElo "2385"]
[BlackElo "2350"]
[PlyCount "78"]
[EventDate "1996.08.28"]
[EventType "swiss"]
[EventRounds "9"]
[EventCountry "ENG"]
[SourceVersionDate "2020.09.25"]

1. e4 e6 2. d4 d5 3. Nc3 Nf6 4. Bg5 Bb4 5. Nge2 dxe4 6. a3 Be7 7. Bxf6 gxf6 8.
Nxe4 b6 9. Nf4 f5 10. Ng3 Bb7 11. Bb5+ c6 12. Bc4 Qd6 13. Nfh5 Nd7 14. Ng7+ Kf8
15. N7h5 Rg8 16. O-O c5 17. d5 Ne5 18. Ba2 Rd8 19. Qe2 c4 20. Rae1 f4 21. Nxf4
Ng4 22. Qxc4 exd5 23. Qe2 Rd7 24. Qf3 d4 25. Ne4 Qh6 26. Nh3 Nf6 27. Qf5 Rc7
28. Ng3 Bc8 29. Qe5 Rb7 30. Qxd4 Bxh3 31. gxh3 Qxh3 32. Qc4 Bc5 33. Qf4 Ng4 34.
Ne4 Nxf2+ 35. Ng5 Rxg5+ 36. Qxg5 Ng4+ 37. Qxc5+ bxc5 38. Re2 Re7 39. Rg2 Ne3
0-1

[Event "Northumbrian Masters 1st"]
[Site "Newcastle"]
[Date "1996.08.31"]
[Round "8"]
[White "McMichael, Richard"]
[Black "Rowson, Jonathan"]
[Result "0-1"]
[WhiteElo "2200"]
[BlackElo "2425"]
[PlyCount "90"]
[EventDate "1996.08.28"]
[EventType "swiss"]
[EventRounds "9"]
[EventCountry "ENG"]
[SourceVersionDate "2020.09.25"]

1. b3 e5 2. Bb2 d6 3. e3 Nc6 4. c4 g6 5. Nf3 Bg7 6. d4 e4 7. Nfd2 f5 8. Nc3 Nf6
9. Be2 O-O 10. g3 h5 11. a3 Ne7 12. Qc2 c6 13. O-O-O d5 14. h3 h4 15. Nf1 hxg3
16. fxg3 Be6 17. c5 Qd7 18. Rd2 f4 19. gxf4 Bxh3 20. Nd1 Bg4 21. Nf2 Bxe2 22.
Rxe2 Kf7 23. Nh3 Bh6 24. Reh2 Rh8 25. Qg2 Nf5 26. Ng5+ Kg7 27. Rg1 Bxg5 28.
Qxg5 Ne7 29. Rgh1 Qf5 30. Rxh8 Rxh8 31. Rxh8 Kxh8 32. Qh4+ Kg7 33. Ng3 Qe6 34.
Bc3 Nf5 35. Qh3 Qd7 36. Nf1 Qe6 37. Qh1 Qe7 38. Ba5 b6 39. Bb4 Qb7 40. Kb2 Qa6
41. Qg2 Qd3 42. cxb6 axb6 43. Qh3 Qe2+ 44. Kc1 Ng4 45. Bd2 Nf2 0-1

[Event "Northumbrian Masters 1st"]
[Site "Newcastle"]
[Date "1996.08.31"]
[Round "8"]
[White "Houska, Miroslav"]
[Black "Buckley, Graeme"]
[Result "0-1"]
[WhiteElo "2265"]
[BlackElo "2370"]
[PlyCount "72"]
[EventDate "1996.08.28"]
[EventType "swiss"]
[EventRounds "9"]
[EventCountry "ENG"]
[SourceVersionDate "2020.09.25"]

1. e4 c5 2. Nf3 e6 3. d4 cxd4 4. Nxd4 Nf6 5. Nc3 d6 6. g4 a6 7. g5 Nfd7 8. h4
Nc6 9. Be3 Be7 10. Qe2 Nxd4 11. Bxd4 O-O 12. O-O-O b5 13. f4 b4 14. Na4 Bb7 15.
g6 fxg6 16. Bh3 Rxf4 17. Bxe6+ Kh8 18. Bxd7 Rxe4 19. Qf1 Qxd7 20. Nc5 Qc7 21.
Nxe4 Bxe4 22. Rh2 d5 23. Rf2 Bf6 24. Kb1 h5 25. Rdd2 Bxd4 26. Rxd4 Qe7 27. Ka1
a5 28. Qe1 Qxh4 29. c4 bxc3 30. bxc3 Kh7 31. c4 Rb8 32. Rf1 Qh3 33. Rd1 dxc4
34. Qxa5 Bf5 35. Rfe1 Ra8 36. Qe5 Rxa2+ 0-1

[Event "Northumbrian Masters 1st"]
[Site "Newcastle"]
[Date "1996.08.31"]
[Round "8"]
[White "Bryson, Douglas Marshall"]
[Black "Shaw, John Kerr"]
[Result "1/2-1/2"]
[WhiteElo "2380"]
[BlackElo "2335"]
[PlyCount "83"]
[EventDate "1996.08.28"]
[EventType "swiss"]
[EventRounds "9"]
[EventCountry "ENG"]
[SourceVersionDate "2020.09.25"]

1. e4 d6 2. Nc3 Nf6 3. f4 e5 4. Nf3 Nbd7 5. d4 c6 6. dxe5 dxe5 7. Nxe5 Nxe5 8.
Qxd8+ Kxd8 9. fxe5 Nd7 10. Bf4 Nc5 11. O-O-O+ Ke8 12. Be2 Be6 13. Bf3 Be7 14.
h4 a5 15. Kb1 Rd8 16. Bg3 Rxd1+ 17. Rxd1 Bd8 18. Ne2 Bc7 19. Nd4 g6 20. h5 Bc8
21. Bf2 Ne6 22. Nxe6 Bxe6 23. Bh4 Rg8 24. hxg6 fxg6 25. Bf6 Rf8 26. g4 Rf7 27.
b3 Rd7 28. Rh1 Kf8 29. g5 Kg8 30. Rh4 Bb6 31. Bg4 Bxg4 32. Rxg4 Kf7 33. Rg3 Ke6
34. Rd3 Rxd3 35. cxd3 Bd4 36. Bd8 Bxe5 37. Bxa5 Bf4 38. Bd8 Kd7 39. Bf6 Ke6 40.
Bd8 Kd7 41. Bf6 Ke6 42. Bd8 1/2-1/2

[Event "Northumbrian Masters 1st"]
[Site "Newcastle"]
[Date "1996.08.31"]
[Round "8"]
[White "Ansell, Simon"]
[Black "Mah, Karl"]
[Result "0-1"]
[WhiteElo "2420"]
[BlackElo "2245"]
[PlyCount "180"]
[EventDate "1996.08.28"]
[EventType "swiss"]
[EventRounds "9"]
[EventCountry "ENG"]
[SourceVersionDate "2020.09.25"]

1. e4 c5 2. Nf3 d6 3. Bb5+ Bd7 4. Bxd7+ Qxd7 5. c4 Nc6 6. d4 cxd4 7. Nxd4 Nf6
8. Nc3 g6 9. O-O Bg7 10. Nde2 O-O 11. f3 Rac8 12. Be3 b6 13. Qd2 Rfd8 14. b3
Qb7 15. Rfd1 Nd7 16. Rab1 Re8 17. a4 Na5 18. Nd5 Ne5 19. Bd4 Qc6 20. Qg5 Nxb3
21. Rxb3 Qxa4 22. Rbb1 h6 23. Qh4 Qc2 24. Qf2 Nxc4 25. Bxg7 Kxg7 26. Qd4+ Ne5
27. Rb2 Qc5 28. Qxc5 dxc5 29. Ra1 Nc4 30. Rc2 Na5 31. Kf2 e6 32. Ne3 Red8 33.
Rxa5 bxa5 34. Nc4 a4 35. Nc3 Rb8 36. Nxa4 Rdc8 37. e5 Rc7 38. Nd6 c4 39. Rxc4
Rxc4 40. Nxc4 Rb4 41. Ncb2 h5 42. Ke3 g5 43. Kd3 g4 44. fxg4 Rxg4 45. g3 Rb4
46. Kc2 Re4 47. Nc3 Rxe5 48. Nd3 Ra5 49. Nf4 Kh6 50. Kb3 Ra1 51. Ne4 e5 52. Nd3
f5 53. Nd6 e4 54. Nf4 Kg5 55. Nc4 h4 56. Ne3 Rh1 57. Ne6+ Kf6 58. Nd4 h3 59.
Ndxf5 Kg5 60. Nd6 Rxh2 61. Nxe4+ Kh5 62. Nf6+ Kg6 63. Nfg4 Rh1 64. Ne5+ Kg7 65.
Nf3 h2 66. Nxh2 Rxh2 67. Kb4 Ra2 68. Kb5 Kg6 69. Nd5 Kg5 70. Ne3 Ra3 71. Nc4
Rxg3 72. Ka6 Rc3 73. Ne5 Ra3+ 74. Kb5 Ra1 75. Kb4 Kf5 76. Nc4 Ke6 77. Nd2 Kd6
78. Nb3 Rb1 79. Kc3 Kc7 80. Kc2 Rh1 81. Kc3 Kb6 82. Kb4 Rh4+ 83. Kc3 a5 84. Nd2
Rb4 85. Nc4+ Kb5 86. Ne3 a4 87. Nc2 Rb3+ 88. Kd2 Kc4 89. Kc1 a3 90. Na1 a2 0-1

[Event "Northumbrian Masters 1st"]
[Site "Newcastle"]
[Date "1996.08.31"]
[Round "8"]
[White "Dunworth, Christopher"]
[Black "Ray, Chris"]
[Result "0-1"]
[WhiteElo "2335"]
[BlackElo "2200"]
[PlyCount "110"]
[EventDate "1996.08.28"]
[EventType "swiss"]
[EventRounds "9"]
[EventCountry "ENG"]
[SourceVersionDate "2020.09.25"]

1. d4 d5 2. Bg5 h6 3. Bh4 c5 4. dxc5 Nc6 5. e3 Qa5+ 6. Nc3 e6 7. a3 Bxc5 8. Nf3
Be7 9. Bxe7 Ngxe7 10. Bb5 a6 11. Ba4 Qc7 12. e4 O-O 13. exd5 Rd8 14. O-O Nxd5
15. Nxd5 Rxd5 16. Qe2 Nd4 17. Nxd4 Rxd4 18. Bb3 Bd7 19. c3 Bb5 20. Qe3 Rd3 21.
Qe4 Rad8 22. Bc2 Rd2 23. Rfd1 Qb6 24. Qe3 Qxe3 25. fxe3 Bc6 26. e4 Rxd1+ 27.
Rxd1 Rxd1+ 28. Bxd1 Bxe4 29. Kf2 Kf8 30. g3 e5 31. Ke3 Bc6 32. c4 Ke7 33. b4
Ke6 34. h4 f5 35. a4 g5 36. hxg5 hxg5 37. b5 Bh1 38. c5 a5 39. Bb3+ Bd5 40. Bd1
f4+ 41. gxf4 gxf4+ 42. Kd3 Kd7 43. Bg4+ Kc7 44. Bh5 Bg2 45. Bg6 Bf3 46. Be8 e4+
47. Kd4 e3 48. Kd3 Kd8 49. Bf7 Bd1 50. Bc4 Bxa4 51. Ke2 Bc2 52. Kf3 Bd1+ 53.
Kxf4 e2 54. Bxe2 Bxe2 55. c6 b6 0-1

[Event "Northumbrian Masters 1st"]
[Site "Newcastle"]
[Date "1996.08.31"]
[Round "8"]
[White "Wall, Timothy P"]
[Black "Clarke, Thomas M"]
[Result "1-0"]
[WhiteElo "2320"]
[BlackElo "2230"]
[PlyCount "47"]
[EventDate "1996.08.28"]
[EventType "swiss"]
[EventRounds "9"]
[EventCountry "ENG"]
[SourceVersionDate "2020.09.25"]

1. e4 e6 2. d4 d5 3. e5 c5 4. c3 Nc6 5. Nf3 Qb6 6. Bd3 cxd4 7. cxd4 Bd7 8. O-O
Nxd4 9. Ng5 Bb5 10. Be3 Qa6 11. Bxb5+ Nxb5 12. Qh5 Nh6 13. a4 Nc7 14. Nc3 Qc4
15. Nce4 Qb4 16. Rfc1 Na6 17. Bd2 Qb6 18. Nf6+ gxf6 19. exf6 e5 20. Bf4 Qd4 21.
Ne6 Qb6 22. Nxf8 Ng8 23. Bxe5 Kxf8 24. Qg5 1-0

[Event "Northumbrian Masters 1st"]
[Site "Newcastle"]
[Date "1996.09.01"]
[Round "9"]
[White "Buckley, Graeme"]
[Black "Rizouk, Ryad"]
[Result "1-0"]
[WhiteElo "2370"]
[BlackElo "2385"]
[PlyCount "67"]
[EventDate "1996.08.28"]
[EventType "swiss"]
[EventRounds "9"]
[EventCountry "ENG"]
[SourceVersionDate "2020.09.25"]

1. d4 d5 2. c4 Bf5 3. cxd5 Bxb1 4. Qa4+ c6 5. Rxb1 Qxd5 6. b4 Qxd4 7. Nf3 Qd8
8. b5 Nf6 9. bxc6 bxc6 10. e4 e6 11. Ba6 Nxa6 12. Qxc6+ Nd7 13. Qxa6 Qc8 14.
Qe2 Bb4+ 15. Bd2 Bxd2+ 16. Qxd2 Qa6 17. Qe2 Qxe2+ 18. Kxe2 O-O 19. Rhc1 Nf6 20.
Nd2 g6 21. Rb7 Rfb8 22. Rcc7 Rxb7 23. Rxb7 Ng4 24. f3 Ne5 25. Ke3 Kg7 26. h3 g5
27. g3 a6 28. f4 gxf4+ 29. gxf4 Ng6 30. e5 Rc8 31. Ne4 Rc6 32. Nd6 Nh8 33. f5
exf5 34. Nxf5+ 1-0

[Event "Northumbrian Masters 1st"]
[Site "Newcastle"]
[Date "1996.09.01"]
[Round "9"]
[White "Gormally, Daniel"]
[Black "Shaw, John Kerr"]
[Result "1/2-1/2"]
[WhiteElo "2300"]
[BlackElo "2335"]
[PlyCount "61"]
[EventDate "1996.08.28"]
[EventType "swiss"]
[EventRounds "9"]
[EventCountry "ENG"]
[SourceVersionDate "2020.09.25"]

1. d4 d5 2. c4 dxc4 3. e4 Nc6 4. Be3 Nf6 5. f3 e5 6. d5 Ne7 7. Bxc4 Ng6 8. Ne2
a6 9. O-O Bd6 10. Nbc3 O-O 11. a4 Qe7 12. Qd2 Bd7 13. a5 Rac8 14. Rfd1 Rfd8 15.
Kh1 Bc5 16. Nc1 Bxe3 17. Qxe3 Ne8 18. Nd3 Nd6 19. Ba2 Qf6 20. Nc5 Be8 21. Rd2
h5 22. Rf1 h4 23. Nd3 Bb5 24. Nxb5 axb5 25. Rc2 Nf4 26. Nf2 Nh5 27. Rfc1 Rd7
28. Nd3 Nf4 29. Nf2 Nh5 30. Nd3 Nf4 31. Nf2 1/2-1/2

[Event "Northumbrian Masters 1st"]
[Site "Newcastle"]
[Date "1996.09.01"]
[Round "9"]
[White "Bisby, Daniel L"]
[Black "Dunworth, Christopher"]
[Result "0-1"]
[WhiteElo "2205"]
[BlackElo "2335"]
[PlyCount "96"]
[EventDate "1996.08.28"]
[EventType "swiss"]
[EventRounds "9"]
[EventCountry "ENG"]
[SourceVersionDate "2020.09.25"]

1. b3 e5 2. Bb2 d6 3. e3 Nf6 4. c4 g6 5. d4 e4 6. Nc3 Bg7 7. Be2 O-O 8. g4 Re8
9. h4 c5 10. d5 Qa5 11. Rc1 b5 12. g5 Nfd7 13. Qd2 bxc4 14. bxc4 Na6 15. Nh3
Nb4 16. Nf4 Nxa2 17. Ra1 Bxc3 18. Bxc3 Qxc3 19. Rxa2 Qxd2+ 20. Kxd2 Ne5 21. Rb1
Rd8 22. h5 Bg4 23. hxg6 hxg6 24. Bxg4 Nxg4 25. Kc3 Rd7 26. Rg1 Ne5 27. Rb2 a5
28. Rgb1 Nf3 29. Rb8+ Rxb8 30. Rxb8+ Kg7 31. Ra8 Nxg5 32. Rxa5 Nf3 33. Ra8 Ne5
34. Ra6 Kf6 35. Ne2 Kg5 36. Ng3 f5 37. Ne2 Nd3 38. f3 exf3 39. Kxd3 fxe2 40.
Kxe2 Kg4 41. e4 Kf4 42. exf5 Kxf5 43. Ra8 Ke4 44. Rh8 g5 45. Rh1 Kd4 46. Rc1
Rf7 47. Rg1 Kxc4 48. Rxg5 Kd4 0-1

[Event "Northumbrian Masters 1st"]
[Site "Newcastle"]
[Date "1996.09.01"]
[Round "9"]
[White "Mah, Karl"]
[Black "Whiteley, Andrew Jonathan"]
[Result "1-0"]
[WhiteElo "2245"]
[BlackElo "2255"]
[PlyCount "107"]
[EventDate "1996.08.28"]
[EventType "swiss"]
[EventRounds "9"]
[EventCountry "ENG"]
[SourceVersionDate "2020.09.25"]

1. d4 d5 2. c4 c6 3. Nf3 Nf6 4. e3 e6 5. b3 Nbd7 6. Bd3 dxc4 7. bxc4 e5 8. dxe5
Nxe5 9. Nxe5 Qa5+ 10. Nd2 Qxe5 11. Rb1 Bd6 12. Nf3 Qe7 13. O-O Nd7 14. Bb2 Ne5
15. c5 Bc7 16. Nxe5 Bxe5 17. Bxe5 Qxe5 18. Qc2 g6 19. f4 Qxe3+ 20. Kh1 O-O 21.
f5 Bxf5 22. Bxf5 gxf5 23. Rxb7 Qe4 24. Qc3 Rfe8 25. Qg3+ Qg4 26. Qc7 Qc4 27.
Rg1 Rac8 28. Qg3+ Qg4 29. Qb3 Qg6 30. Rxa7 Re2 31. Rb7 Kg7 32. a4 Rd8 33. Qc3+
Kh6 34. Rb4 Re4 35. a5 Ra8 36. Rb3 f4 37. Qa1 Re3 38. Rb6 Qg7 39. Rxc6+ Re6 40.
Qa4 Qe5 41. a6 Kg5 42. Rxe6 fxe6 43. Qc6 Qd5 44. Qb7 Kf6 45. c6 f3 46. Rf1 Ke5
47. Qc7+ Ke4 48. gxf3+ Ke3 49. Qb6+ Kf4 50. Qb4+ Ke3 51. Qc3+ Kf4 52. c7 Qb5
53. Rc1 Rc8 54. Qc4+ 1-0

[Event "Northumbrian Masters 1st"]
[Site "Newcastle"]
[Date "1996.09.01"]
[Round "9"]
[White "Ray, Chris"]
[Black "Bryson, Douglas Marshall"]
[Result "0-1"]
[WhiteElo "2200"]
[BlackElo "2380"]
[PlyCount "92"]
[EventDate "1996.08.28"]
[EventType "swiss"]
[EventRounds "9"]
[EventCountry "ENG"]
[SourceVersionDate "2020.09.25"]

1. Nf3 d5 2. d3 Nf6 3. Nbd2 c5 4. g3 Nc6 5. e4 e6 6. Bg2 Be7 7. O-O O-O 8. e5
Nd7 9. Re1 b5 10. Nf1 a5 11. h4 b4 12. Bf4 Ba6 13. Ng5 Qe8 14. Qg4 Kh8 15. Rad1
a4 16. c4 bxc3 17. bxc3 Bxg5 18. hxg5 Rc8 19. Nh2 Qe7 20. Nf3 Rfe8 21. Bc1 c4
22. d4 a3 23. Kh2 Bb5 24. Rh1 Ba4 25. Rd2 Rb8 26. Nh4 Na7 27. f4 g6 28. Qf3 Rb1
29. g4 Nb5 30. Kg3 Kg8 31. Rf2 Rb8 32. f5 Nxc3 33. f6 Qb4 34. Kh2 Ne4 35. Nxg6
hxg6 36. Re2 Qc3 37. Re3 Qxd4 38. Rxa3 Qxe5+ 39. Bf4 Rxh1+ 40. Kxh1 Rb1+ 41.
Kh2 Nxg5 42. Qg3 Qxf6 43. Rxa4 Qh8+ 44. Bh3 Rb2+ 45. Kh1 Qxh3+ 46. Qxh3 Nxh3
0-1

[Event "Northumbrian Masters 1st"]
[Site "Newcastle"]
[Date "1996.09.01"]
[Round "9"]
[White "Houska, Miroslav"]
[Black "Wall, Timothy P"]
[Result "1-0"]
[WhiteElo "2265"]
[BlackElo "2320"]
[PlyCount "85"]
[EventDate "1996.08.28"]
[EventType "swiss"]
[EventRounds "9"]
[EventCountry "ENG"]
[SourceVersionDate "2020.09.25"]

1. d4 Nf6 2. Nf3 e6 3. Bg5 c5 4. e3 Be7 5. Nbd2 b6 6. Bd3 Bb7 7. O-O O-O 8. c3
cxd4 9. exd4 d6 10. Re1 Nbd7 11. Rc1 Re8 12. Bb1 Qc7 13. Nf1 Bc6 14. c4 Qb7 15.
Ng3 Bxf3 16. gxf3 d5 17. b3 Rac8 18. Qd3 Nf8 19. h4 h6 20. Bd2 Red8 21. h5 Qd7
22. Be3 Ba3 23. Rc2 Bb4 24. Rd1 dxc4 25. bxc4 Bd6 26. Kg2 Qa4 27. Rh1 N8d7 28.
Qb3 Qc6 29. Rcc1 Qc7 30. Rh4 Qb8 31. Rd1 Qa8 32. Rc1 Rc7 33. Qb2 Rdc8 34. Bd3
a6 35. Qd2 Qc6 36. Bxh6 Bf8 37. Bf4 Bd6 38. h6 g6 39. Ne4 e5 40. d5 Nxd5 41.
cxd5 Qxc1 42. Qxc1 Rxc1 43. Bxc1 1-0

[Event "Northumbrian Masters 1st"]
[Site "Newcastle"]
[Date "1996.09.01"]
[Round "9"]
[White "Rowson, Jonathan"]
[Black "Cobb, James"]
[Result "1/2-1/2"]
[WhiteElo "2425"]
[BlackElo "2260"]
[PlyCount "97"]
[EventDate "1996.08.28"]
[EventType "swiss"]
[EventRounds "9"]
[EventCountry "ENG"]
[SourceVersionDate "2020.09.25"]

1. d4 Nf6 2. c4 e6 3. Nc3 d5 4. cxd5 exd5 5. Bg5 c6 6. Qc2 Na6 7. e3 Nb4 8. Qd2
Bf5 9. Rc1 a5 10. a3 Na6 11. Bxa6 Rxa6 12. Nge2 Be7 13. Ng3 Bg6 14. O-O O-O 15.
Na4 Ne8 16. Bxe7 Qxe7 17. Nc5 Ra7 18. h4 h5 19. Ne2 Qxh4 20. Nd7 Nf6 21. g3 Qh3
22. Nxf6+ gxf6 23. f3 Kg7 24. Rf2 Rh8 25. Rh2 Qf5 26. Kf2 Ra6 27. Rc5 Qd3 28.
Qxd3 Bxd3 29. Nf4 Bg6 30. b3 f5 31. Ke1 Kf6 32. Kd2 Raa8 33. Rc1 Rh7 34. Nd3
Ke7 35. Nf4 Kd6 36. Kd3 Rah8 37. b4 axb4 38. axb4 Ra8 39. Rc3 Ra4 40. Rb2 h4
41. gxh4 Rxh4 42. b5 Ra8 43. Rbc2 Rc8 44. Rc5 Bh5 45. Rxd5+ cxd5 46. Rxc8 Bxf3
47. Kc3 Rh1 48. Kb4 Re1 49. Rc3 1/2-1/2